| 000 | 01409cab a22002174i 4500 | ||
|---|---|---|---|
| 001 | 768714001 | ||
| 003 | CO-MdFUSB | ||
| 005 | 20230112102345.0 | ||
| 008 | 180716s1996 gt ||||| |||| 00| 0 spa d | ||
| 022 | _a1014-9341 | ||
| 040 |
_aCO-MdFUSB _bspa _cCO-MdFUSB _dCO-MdFUSB |
||
| 041 | _aspa | ||
| 100 | 1 |
_aWilliams, Gary _eautor |
|
| 245 | 0 | 4 |
_aLos propósitos de las penas mosaicas y modernas _c/ Gary Williams |
| 300 |
_aNúmero 18 (Enero - Junio, 1996), páginas 27-57 _c; 22 cm |
||
| 520 | _aLa ley de Moisés proporciona principios orientadores de valor para la penología de hoy. Sus metas penales están en pugna con la que predominaron en el derecho moderno hasta 1970, pero en alto grado consonantes con estudios penológicos de los últimos treinta años. Explícitamente incluye la retribución y la prevención general. La incapacitación y la corrección no se mencionan, aunque hay elementos en la legislación bíblica que coadyuvarían a reformar al delincuente. Hay dos objetivos penales más en la ley mosaica que poco influyen en los códigos penales de hoy: restitución y purificación. No se usaba la pena de prisión, sino que los castigos principales eran físicos y económicos. | ||
| 650 | 7 |
_9320 _aTeología bíblica |
|
| 650 | 7 |
_9238 _aAdministración de justicia |
|
| 773 | 0 |
_tKairós _049489 _961226 _gNúmero 18 (Enero - Junio, 1996), páginas 27-57 _qPágina 27 |
|
| 942 | _cANA | ||
| 999 |
_c61424 _d61424 |
||